00000000nam##2200000za#4500
0019.613006
003CaOODSP
00520210929082756
007ta
008150406|1996||||xxc|||||     f|0| 0 eng|d
020 |a0-662-24222-X
040 |aCaOODSP|beng
043 |an-cn---
0861 |aFo29-6/2-1996E
1101 |aCanada. |bNatural Resources Canada. |bCanadian Forest Service.
24510|aSpruce weevil in British Columbia / |cby R. D. Turnquist and Rene I. Alfaro.
260 |aVictoria - British Columbia : |bNatural Resources Canada. |c1996.
300 |a7p. : |bgraph, illus., map ; |c28 cm.
4901 |aForest pest leaflet|v2
590 |a96-17|b1996-04-26
69007|aInsects|2gcpds
7201 |aAlfaro, Rene I.
7201 |aTurnquist, R. D.
7760#|tSpruce weevil in British Columbia / |w(CaOODSP)9.573462
830#0|aForest pest leaflet ;|v2|w(CaOODSP)9.514653